| 000 | 00400cam a22001217a 4500 | ||
|---|---|---|---|
| 008 | 180718b1998 xxu||||| |||| 00| 0 eng d | ||
| 082 | _aC41 Sr38 | ||
| 245 |
_aHuman rights challenges in 21st century _cedited by Govind Narain Srivastava |
||
| 260 |
_aNew Delhi _bInternational Institute for Non-Aligned Studies _c1998 |
||
| 300 | _a148p. | ||
| 650 | _aHuman rights | ||
| 700 | _aSrivastava, Govind Narain | ||
| 999 |
_c388717 _d388717 |
||